Most Populated U.S. States without a President - Statistics

General Stats
  • This quiz has been taken 169 times
  • The average score is 7 of 10
Answer Stats
Population State % Correct
21,781,128 Florida
90%
7,738,692 Washington
84%
7,276,316 Arizona
77%
5,707,390 Minnesota
74%
5,812,069 Colorado
73%
6,805,985 Indiana
73%
10,050,811 Michigan
73%
6,975,218 Tennessee
70%
5,895,908 Wisconsin
65%
6,165,129 Maryland
51%
No matching quizzes found
Score Distribution
Percent of People with Each Score
Percentile by Number Answered
Your Score History
You have not taken this quiz